000 00901cam a22002055a 4500
008 231020s2023 xxk fo 000 0 eng d
041 0 _aeng
110 2 _aRoyal Institution of Chartered Surveyors
_94900
245 0 0 _aRICS Valuation Global Standards 2023
_bUK National Supplement - Basis for conclusion: excluding UK VPS 3
_h[electronic resource]
260 _aLondon,
_bRICS,
_c2023
300 _a22p.
490 _aRICS Red Book
520 _aThis details the changes that have been made to the Red Book UK Supplement on public sector valuations, residential valuations and financial reporting
650 2 4 _aRED BOOK
650 2 4 _aGLOBAL VALUATION STANDARDS 2023
651 4 _aUnited Kingdom
690 _aValuation
_96273
856 4 0 _uhttps://www.rics.org/content/dam/ricsglobal/documents/standards/basis-for-conclusions-minus-uk-vps-3.pdf
_zAvailable free on RICS.org
942 _n0
_2ddc
999 _c121683
_d121683